[Event "International Championship of Central Se"]
[Site "Paracin, hotel "]
[Date "2016.07.13"]
[Round "8.1"]
[White "Brkic, Toma"]
[Black "Mihov, Filip"]
[Result "0-1"]
[WhiteElo "2069"]
[BlackElo "1964"]
[PlyCount "80"]
[EventDate "2016.07.07"]

1. e4 e6 2. d4 d5 3. exd5 exd5 4. Bd3 Nc6 5. c3 Bd6 6. h3 Nge7 7. Qf3 Be6 8.
Ne2 Qd7 9. Bf4 Bf5 10. Bxf5 Qxf5 11. Nd2 Bxf4 12. Qxf4 O-O-O 13. Qxf5+ Nxf5 14.
O-O Nce7 15. Nf4 h5 16. Nf3 f6 17. Rfe1 g5 18. Ne6 Rd6 19. g4 hxg4 20. hxg4 Nh4
21. Nexg5 fxg5 22. Nxh4 Rxh4 23. Rxe7 Rxg4+ 24. Kf1 Rb6 25. Rb1 Rf4 26. Ke2
Rbf6 27. Rf1 g4 28. Re3 Kd7 29. f3 Kd6 30. Rg1 gxf3+ 31. Kf2 c5 32. dxc5+ Kxc5
33. Rg5 Rh4 34. Rxf3 Rh2+ 35. Rg2 Rxf3+ 36. Kxf3 Rxg2 37. Kxg2 d4 38. b4+ Kc4
39. cxd4 Kxd4 40. Kf3 Kc4 0-1

[Event "International Championship of Central Se"]
[Site "Paracin, hotel "]
[Date "2016.07.13"]
[Round "8.2"]
[White "Maksimovic, Masa"]
[Black "Bojicic, Andjela"]
[Result "0-1"]
[WhiteElo "1854"]
[BlackElo "2038"]
[PlyCount "66"]
[EventDate "2016.07.07"]

1. d4 Nf6 2. c4 g6 3. Nc3 Bg7 4. e4 d6 5. Be2 O-O 6. Be3 a6 7. Qd2 Re8 8. h3
Nfd7 9. Nf3 c5 10. O-O cxd4 11. Nxd4 Nc6 12. Rac1 Nxd4 13. Bxd4 Ne5 14. Rfd1
Be6 15. Nd5 Bxd5 16. cxd5 Nd7 17. Be3 Nf6 18. Bd3 Qd7 19. Rc2 e6 20. Qa5 Rac8
21. Rdc1 Rxc2 22. Rxc2 exd5 23. exd5 Re5 24. Bc4 h5 25. Bd4 Re4 26. Be3 Qe7 27.
Qd2 b5 28. Bb3 Re5 29. Bd4 Re1+ 30. Kh2 Ng4+ 31. Kg3 h4+ 32. Kf4 Bh6+ 33. Kxg4
f5+ 0-1

[Event "International Championship of Central Se"]
[Site "Paracin, hotel "]
[Date "2016.07.13"]
[Round "8.3"]
[White "Jakovljevic, Dejan"]
[Black "Rajic, Momcilo"]
[Result "1/2-1/2"]
[WhiteElo "2016"]
[BlackElo "1937"]
[PlyCount "90"]
[EventDate "2016.07.07"]

1. e4 e5 2. Nf3 Nf6 3. Nc3 Nc6 4. g3 a6 5. Bg2 Bc5 6. O-O d6 7. h3 h6 8. d3 Be6
9. Be3 Bxe3 10. fxe3 Qd7 11. Kh2 d5 12. exd5 Nxd5 13. Nxd5 Bxd5 14. Qe1 O-O 15.
e4 Be6 16. Qc3 f6 17. Rf2 Rac8 18. Rd1 Rfd8 19. Qc5 b6 20. Qe3 Nd4 21. Nxd4
Qxd4 22. Qxd4 Rxd4 23. h4 Rcd8 24. b3 b5 25. Rdf1 a5 26. Bh3 Bf7 27. g4 Be6 28.
g5 Bxh3 29. Kxh3 hxg5 30. hxg5 fxg5 31. Kg4 c5 32. Rf5 Re8 33. Rf7 c4 34. Rb7
cxd3 35. cxd3 Rxd3 36. Rff7 Re3 37. Rxg7+ Kh8 38. Rxg5 Rxe4+ 39. Kf3 Rf4+ 40.
Ke3 a4 41. Rxb5 axb3 42. axb3 Rh4 43. b4 Ra8 44. Ra5 Rc8 45. Kd3 Rxb4 1/2-1/2

[Event "International Championship of Central Se"]
[Site "Paracin, hotel "]
[Date "2016.07.13"]
[Round "8.4"]
[White "Gajin, Nikola"]
[Black "Isak, Igor G"]
[Result "1-0"]
[WhiteElo "2069"]
[BlackElo "2064"]
[PlyCount "95"]
[EventDate "2016.07.07"]

1. c4 e5 2. Nc3 Nc6 3. g3 f5 4. Bg2 Nf6 5. d3 Bb4 6. Bd2 O-O 7. e3 d6 8. Nge2
a5 9. O-O Bc5 10. a3 Qe8 11. Nb5 Bb6 12. Qb3 a4 13. Qd1 Qg6 14. Nec3 f4 15.
exf4 Qxd3 16. Qe2 Bf5 17. Be3 Nd4 18. Qxd3 Bxd3 19. Rfd1 Bc2 20. Bxd4 exd4 21.
Rd2 d3 22. Bf1 Ng4 23. h3 Nxf2 24. Rxf2 Rad8 25. Kg2 c6 26. Nc7 Bxc7 27. Rd2 d5
28. cxd5 cxd5 29. Bxd3 Bb3 30. Re2 d4 31. Ne4 Rfe8 32. Rae1 Bd5 33. Kf2 Kf8 34.
Nc5 Rxe2+ 35. Rxe2 b6 36. Ne6+ Bxe6 37. Rxe6 g6 38. Rc6 Rd7 39. Rc4 Ke7 40.
Rxa4 Ke6 41. Rc4 Kd5 42. Rc2 Re7 43. Re2 Rxe2+ 44. Kxe2 Bd6 45. Kf3 Bf8 46. g4
Bg7 47. h4 h5 48. g5 1-0

[Event "International Championship of Central Se"]
[Site "Paracin, hotel "]
[Date "2016.07.13"]
[Round "8.5"]
[White "Olcum, Ahmet"]
[Black "Jankov, Saso"]
[Result "1-0"]
[WhiteElo "2083"]
[BlackElo "2007"]
[PlyCount "57"]
[EventDate "2016.07.07"]

1. e4 d6 2. f4 e5 3. d3 Nf6 4. Nf3 Bg4 5. Be2 Nbd7 6. Nc3 c6 7. O-O Be7 8. Kh1
O-O 9. h3 Bxf3 10. Bxf3 a5 11. g4 exf4 12. Bxf4 Ne5 13. Bg2 Ng6 14. Bg3 Nd7 15.
Qe2 Nc5 16. d4 Ne6 17. d5 Nd4 18. Qd3 c5 19. Nd1 Qb6 20. a4 Bg5 21. b3 Bf6 22.
Rxf6 gxf6 23. Ne3 Ne5 24. Qd1 Rac8 25. c3 Nxb3 26. Bxe5 Nxa1 27. Bxf6 Rfe8 28.
Nc4 Qc7 29. Qc1 1-0

[Event "International Championship of Central Se"]
[Site "Paracin, hotel "]
[Date "2016.07.13"]
[Round "8.6"]
[White "Colovic, Zoran"]
[Black "Trifunovic, Borisav"]
[Result "0-1"]
[WhiteElo "2099"]
[BlackElo "2023"]
[PlyCount "122"]
[EventDate "2016.07.07"]

1. e4 e5 2. Nf3 Nc6 3. Bc4 Bc5 4. c3 Nf6 5. d4 exd4 6. e5 d5 7. Bb5 Ne4 8. Nxd4
O-O 9. Bxc6 bxc6 10. O-O Ba6 11. Re1 Bb6 12. Be3 Qd7 13. f3 Nc5 14. f4 Nd3 15.
Re2 c5 16. Nf3 d4 17. Bf2 Nxf4 18. Re4 Qg4 19. Rxf4 Qxf4 20. Nbd2 dxc3 21. bxc3
c4 22. Qa4 Bb7 23. Qxc4 Qxc4 24. Nxc4 Bxf3 25. gxf3 Rfd8 26. f4 Rd3 27. Re1
Bxf2+ 28. Kxf2 Rxc3 29. Ne3 Rb8 30. Re2 h6 31. f5 Rb5 32. e6 fxe6 33. fxe6 Re5
34. Nd5 Rxe2+ 35. Kxe2 Rc5 36. Nf4 Re5+ 37. Kd3 c5 38. h4 g5 39. hxg5 hxg5 40.
Nh3 g4 41. Nf4 g3 42. a4 Kg7 43. e7 Kf7 44. a5 Rxe7 45. Ng2 Ke6 46. Ne3 Rg7 47.
Ng2 Rg4 48. Ke3 Ra4 49. Kf3 Rxa5 50. Kxg3 c4 51. Kf4 Re5 52. Ne3 Rxe3 53. Kxe3
Kd5 54. Kd2 Kd4 55. Kc2 a5 56. Kd1 Kc3 57. Kc1 a4 58. Kb1 Kd2 59. Kb2 c3+ 60.
Ka3 c2 61. Ka2 Kd1 0-1

[Event "International Championship of Central Se"]
[Site "Paracin, hotel "]
[Date "2016.07.13"]
[Round "8.7"]
[White "Zlatanovic, Zoran"]
[Black "Ostojic, Milos R"]
[Result "1/2-1/2"]
[WhiteElo "2073"]
[BlackElo "2025"]
[PlyCount "95"]
[EventDate "2016.07.07"]

1. e4 c6 2. d3 d5 3. Nd2 e5 4. Ngf3 Bd6 5. g3 Nf6 6. Bg2 O-O 7. O-O Re8 8. c3
Nbd7 9. Re1 Qc7 10. Nh4 Nc5 11. Qe2 dxe4 12. dxe4 b5 13. h3 a5 14. Qf3 b4 15.
Bf1 Ba6 16. Bxa6 Rxa6 17. Nc4 Bf8 18. Bg5 Nfd7 19. Nf5 Nb6 20. Nce3 Ne6 21. Bh4
f6 22. Ng4 Be7 23. Rad1 Raa8 24. Nxe7+ Rxe7 25. Bxf6 Rf7 26. Qf5 Qc8 27. Qh5
Rxf6 28. Nxf6+ gxf6 29. Rd6 Nc4 30. Qg4+ Ng5 31. Rxf6 Qxg4 32. hxg4 Nxb2 33. f4
Nf3+ 34. Kf2 Nxe1 35. Kxe1 c5 36. Kd2 Na4 37. cxb4 axb4 38. Rc6 Rd8+ 39. Ke3
Rb8 40. Kd3 b3 41. axb3 Rxb3+ 42. Kc4 Rxg3 43. f5 Rxg4 44. Kd5 Nc3+ 45. Ke6
Nxe4 46. Rc8+ Kg7 47. Rc7+ Kh6 48. Kxe5 1/2-1/2

[Event "International Championship of Central Se"]
[Site "Paracin, hotel "]
[Date "2016.07.13"]
[Round "8.8"]
[White "Miljkovic, Jovana"]
[Black "Arandjelovic, Aleksandar Z"]
[Result "1/2-1/2"]
[WhiteElo "1973"]
[BlackElo "2073"]
[PlyCount "146"]
[EventDate "2016.07.07"]

1. d4 Nf6 2. c4 g6 3. Nc3 Bg7 4. e4 d6 5. Nf3 O-O 6. Be2 Nbd7 7. O-O e5 8. Be3
Re8 9. d5 a5 10. Qc2 h6 11. Ne1 b6 12. Nd3 Nc5 13. Nxc5 bxc5 14. b3 Qe7 15. a3
Rb8 16. Rfb1 Bd7 17. f3 Nh5 18. Nb5 Rb7 19. Qd2 Nf4 20. Bf1 f5 21. Qxa5 Reb8
22. b4 fxe4 23. fxe4 c6 24. bxc5 dxc5 25. Nc3 Bf8 26. Qa6 Rb3 27. Bd2 Qg5 28.
Kh1 Qh5 29. Rxb3 Rxb3 30. dxc6 Be6 31. c7 Qg4 32. Bxf4 Bc8 33. Be2 Bxa6 34.
Bxg4 exf4 35. Nd5 g5 36. e5 Bg7 37. Re1 Bxe5 38. c8=Q+ Bxc8 39. Bxc8 Bd4 40. a4
Ra3 41. Bd7 h5 42. h3 Kg7 43. Ne7 Kf6 44. Nd5+ Kg7 45. Nc7 Bf2 46. Rd1 Kf6 47.
Ne8+ Ke5 48. Ng7 h4 49. Ne6 Kf6 50. Nd8 Bd4 51. Nb7 Ke7 52. Bc6 g4 53. hxg4 Kf6
54. Nd8 Kg5 55. Ne6+ Kxg4 56. Nxd4 cxd4 57. Rxd4 Kg3 58. Rd1 h3 59. gxh3 f3 60.
Kg1 Ra2 61. Bxf3 Kxf3 62. Rc1 Rxa4 63. c5 Ra7 64. h4 Rg7+ 65. Kh2 Rg2+ 66. Kh1
Rg4 67. Rc3+ Kf2 68. Rc2+ Kf3 69. c6 Rxh4+ 70. Kg1 Rh8 71. c7 Rc8 72. Kh2 Ke4
73. Kg3 Ke5 1/2-1/2

[Event "International Championship of Central Se"]
[Site "Paracin, hotel "]
[Date "2016.07.13"]
[Round "8.9"]
[White "Hasman, Cengiz"]
[Black "Djuretanovic, Ivan"]
[Result "1-0"]
[WhiteElo "2072"]
[BlackElo "2011"]
[PlyCount "71"]
[EventDate "2016.07.07"]

1. d4 Nf6 2. c4 e5 3. dxe5 Ne4 4. a3 b6 5. Nf3 Bb7 6. Nbd2 Ng5 7. b3 Nc6 8. Bb2
Qe7 9. e3 O-O-O 10. Qc2 Ne6 11. Be2 g6 12. O-O-O Bg7 13. b4 Ng5 14. Nxg5 Qxg5
15. f4 Qxg2 16. Bf3 Qf2 17. Rhe1 Rhe8 18. Re2 Qh4 19. Ne4 h6 20. c5 Kb8 21.
Red2 Qh3 22. Rf2 g5 23. Qe2 Qh4 24. Rg1 Bxe5 25. fxe5 Nxe5 26. Bxe5 Bxe4 27.
Rg4 Bxf3 28. Qxf3 Qh5 29. cxb6 axb6 30. Bxc7+ Ka7 31. Bxd8 Rxd8 32. Rc2 Kb8 33.
Qf6 Qxg4 34. Qxd8+ Ka7 35. Rc7+ Ka6 36. Qc8+ 1-0

[Event "International Championship of Central Se"]
[Site "Paracin, hotel "]
[Date "2016.07.13"]
[Round "8.10"]
[White "Ostojic, Nikola M"]
[Black "Mirkovic, Dejan"]
[Result "1-0"]
[WhiteElo "2050"]
[BlackElo "1824"]
[PlyCount "147"]
[EventDate "2016.07.07"]

1. d4 Nf6 2. c4 e6 3. Nc3 d5 4. Bg5 Nbd7 5. e3 c6 6. cxd5 exd5 7. Bd3 Be7 8.
Qc2 O-O 9. Nf3 h6 10. Bh4 Re8 11. O-O Nh5 12. Bxe7 Qxe7 13. Rab1 Nhf6 14. Rfc1
b6 15. b4 Bb7 16. b5 c5 17. dxc5 Nxc5 18. Bf5 g6 19. Bh3 Ne6 20. Qa4 Rec8 21.
Ne2 Nc5 22. Qh4 Re8 23. Qxh6 a6 24. Nc3 Reb8 25. bxa6 Bxa6 26. g3 Bc4 27. Nd4
Rb7 28. Qg5 Kf8 29. Bg2 Qd6 30. Ncb5 Qe7 31. Nc6 Qe6 32. Ncd4 Qe7 33. Rxc4 dxc4
34. Bxb7 Nxb7 35. a3 Nd6 36. Rc1 Rc8 37. Nxd6 Qxd6 38. Qb5 Rc5 39. Qb4 Nd5 40.
Qa4 Nc7 41. Qa7 Kg7 42. Qb8 c3 43. a4 c2 44. a5 bxa5 45. Qb2 Kh7 46. Rxc2 Rxc2
47. Qxc2 Nd5 48. Qa2 Qc5 49. Qc2 Qb4 50. Qb3 Qc5 51. Qb7 Ne7 52. Qb5 Qc1+ 53.
Kg2 Qa3 54. h4 Kg7 55. Qe5+ f6 56. Qc7 a4 57. Nc6 Kf7 58. Nxe7 Qxe7 59. Qc4+
Qe6 60. Qxa4 Qd5+ 61. Kh2 Qd2 62. Qf4 Qd7 63. e4 Kg7 64. e5 f5 65. Qg5 Qd4 66.
Qe3 Qd7 67. e6 Qe7 68. Qe5+ Kh7 69. h5 Kh6 70. Qh8+ Kg5 71. f4+ Kg4 72. hxg6
Kf3 73. Qc3+ Kg4 74. Qe3 1-0

[Event "International Championship of Central Se"]
[Site "Paracin, hotel "]
[Date "2016.07.13"]
[Round "8.12"]
[White "Milosevic, Rade"]
[Black "Radovanovic, Miroljub B"]
[Result "1/2-1/2"]
[WhiteElo "2091"]
[BlackElo "1945"]
[PlyCount "94"]
[EventDate "2016.07.07"]

1. c4 e5 2. Nc3 Nf6 3. Nf3 Nc6 4. g3 g6 5. Bg2 Bg7 6. d4 exd4 7. Nxd4 Nxd4 8.
Qxd4 O-O 9. O-O d6 10. Qh4 c6 11. Bh6 Qc7 12. Bxg7 Kxg7 13. Rac1 Re8 14. Qd4
Bf5 15. e4 Be6 16. Rfd1 Rad8 17. b3 a6 18. h3 Qe7 19. f4 c5 20. Qf2 Bd7 21. Re1
Bc6 22. e5 dxe5 23. Bxc6 bxc6 24. Rxe5 Qc7 25. Rce1 Rxe5 26. Rxe5 Qd7 27. Kg2
Qd3 28. Re3 Qd4 29. Qe2 h5 30. Ne4 Nxe4 31. Rxe4 Qc3 32. Qf2 Rd3 33. h4 a5 34.
Qe1 Qxe1 35. Rxe1 Rd2+ 36. Kh3 Rxa2 37. Re5 a4 38. bxa4 Rxa4 39. Rxc5 Ra6 40.
Kg2 Kf6 41. Kf3 Ke6 42. Re5+ Kf6 43. Rc5 Ke6 44. Re5+ Kf6 45. Rg5 Ra4 46. Rc5
Ra6 47. Rg5 Ra4 1/2-1/2

[Event "International Championship of Central Se"]
[Site "Paracin, hotel "]
[Date "2016.07.13"]
[Round "8.13"]
[White "Ivanov, Igor"]
[Black "Zivanovic, Blagoje"]
[Result "0-1"]
[WhiteElo "1815"]
[BlackElo "2078"]
[PlyCount "52"]
[EventDate "2016.07.07"]

1. c4 e5 2. Nc3 g6 3. g3 Bg7 4. Bg2 d6 5. d3 f5 6. Nf3 Nf6 7. Bg5 O-O 8. Nd5 c6
9. Nxf6+ Bxf6 10. Bxf6 Qxf6 11. Qb3 Kg7 12. h4 h6 13. Qc3 c5 14. Nd2 Nc6 15. e3
Bd7 16. a3 a5 17. b3 b6 18. a4 Rae8 19. O-O-O Nb4 20. Kb2 e4 21. Bf1 exd3 22.
Qxf6+ Rxf6 23. Kc3 Bc6 24. Rg1 Be4 25. g4 fxg4 26. Rxg4 Rxf2 0-1

[Event "International Championship of Central Se"]
[Site "Paracin, hotel "]
[Date "2016.07.13"]
[Round "8.14"]
[White "Djordjevic, Gradimir"]
[Black "Cetkovic, Stevan"]
[Result "1/2-1/2"]
[WhiteElo "2072"]
[BlackElo "1906"]
[PlyCount "72"]
[EventDate "2016.07.07"]

1. d4 Nf6 2. c4 e6 3. Nf3 b6 4. Nc3 Bb4 5. Qc2 Bb7 6. a3 Bxc3+ 7. Qxc3 O-O 8.
Bg5 h6 9. Bh4 d6 10. e3 Nbd7 11. Be2 c5 12. O-O cxd4 13. Nxd4 Ne4 14. Bxd8 Nxc3
15. Be7 Nxe2+ 16. Nxe2 Rfc8 17. Bxd6 Rxc4 18. Nc3 Nf6 19. f3 Nd5 20. Nxd5 Bxd5
21. e4 Rc6 22. Be5 Bb3 23. Rac1 Rac8 24. Rc3 Rxc3 25. Bxc3 Rd8 26. Kf2 f6 27.
Ke3 e5 28. Rf2 a5 29. Rd2 Rxd2 30. Bxd2 a4 31. g3 Kf7 32. f4 exf4+ 33. gxf4 b5
34. Kd4 h5 35. Kc5 Bc4 36. Kd6 g6 1/2-1/2

[Event "International Championship of Central Se"]
[Site "Paracin, hotel "]
[Date "2016.07.13"]
[Round "8.15"]
[White "Kracunov, Bozidar"]
[Black "Pribanovic, Milivoje"]
[Result "1/2-1/2"]
[WhiteElo "2069"]
[BlackElo "1896"]
[PlyCount "93"]
[EventDate "2016.07.07"]

1. d4 Nf6 2. c4 e6 3. Nc3 Bb4 4. a3 Bxc3+ 5. bxc3 c5 6. e3 O-O 7. Bd3 Nc6 8.
Nf3 d6 9. e4 Qa5 10. Bd2 e5 11. h3 h6 12. O-O Qd8 13. d5 Na5 14. Nh2 b6 15. Rb1
Nh7 16. f4 f5 17. fxe5 fxe4 18. Bxe4 Nxc4 19. e6 Nxd2 20. Qxd2 Ba6 21. Rf2 Qh4
22. Rxf8+ Rxf8 23. Bxh7+ Kxh7 24. Qe3 Qf4 25. Qxf4 Rxf4 26. Re1 Rf8 27. Ng4 Re8
28. Re4 Bb7 29. Ne3 b5 30. Rf4 a5 31. Rf7 Bxd5 32. Nxd5 Rxe6 33. Nc7 Re1+ 34.
Rf1 Rxf1+ 35. Kxf1 b4 36. cxb4 cxb4 37. axb4 axb4 38. Ke2 Kg6 39. Nb5 b3 40.
Kd3 b2 41. Kc2 Kf5 42. g3 Ke4 43. Nxd6+ Kf3 44. Nf5 g6 45. g4 h5 46. gxh5 gxh5
47. Kxb2 1/2-1/2

[Event "International Championship of Central Se"]
[Site "Paracin, hotel "]
[Date "2016.07.13"]
[Round "8.16"]
[White "Tomic, Slobodan"]
[Black "Tosic, Dragoljub"]
[Result "1-0"]
[WhiteElo "2032"]
[BlackElo "1888"]
[PlyCount "49"]
[EventDate "2016.07.07"]

1. e4 d6 2. Nc3 Nf6 3. g3 g6 4. Bg2 Bg7 5. d3 O-O 6. h3 Nc6 7. Be3 e5 8. Nge2
a5 9. O-O a4 10. a3 Nh5 11. g4 Nf6 12. Qd2 Ne7 13. d4 Nd7 14. f4 Nb6 15. Qd3 f5
16. gxf5 gxf5 17. dxe5 dxe5 18. Bc5 Qe8 19. Nb5 fxe4 20. Bxe4 Bf5 21. Nxc7 Qg6+
22. Qg3 Nbd5 23. Qxg6 hxg6 24. Nc3 Nxc3 25. bxc3 {unreadable} 1-0

[Event "International Championship of Central Se"]
[Site "Paracin, hotel "]
[Date "2016.07.13"]
[Round "8.17"]
[White "Zajic, Milun"]
[Black "Mijajlovic, Jovan"]
[Result "1-0"]
[WhiteElo "2026"]
[BlackElo "1881"]
[PlyCount "55"]
[EventDate "2016.07.07"]

1. c4 c5 2. g3 g6 3. Bg2 Bg7 4. Nc3 Nc6 5. e4 d6 6. Nge2 e6 7. O-O Nge7 8. d3
O-O 9. Be3 Nd4 10. Qd2 Nec6 11. Bh6 a6 12. Bxg7 Kxg7 13. f4 Rb8 14. Nxd4 cxd4
15. Ne2 e5 16. f5 b5 17. f6+ Kh8 18. b3 Bg4 19. Rae1 bxc4 20. dxc4 Qa5 21. Qg5
Be6 22. Nc1 Bd7 23. Rd1 Qb6 24. g4 Nd8 25. Rd3 Rg8 26. Rh3 Bxg4 27. Qxg4 h5 28.
Qxh5+ 1-0

[Event "International Championship of Central Se"]
[Site "Paracin, hotel "]
[Date "2016.07.13"]
[Round "8.19"]
[White "Krstic, Milos"]
[Black "Ratkovic, Petar"]
[Result "1/2-1/2"]
[WhiteElo "1966"]
[BlackElo "1866"]
[PlyCount "76"]
[EventDate "2016.07.07"]

1. c4 c6 2. Nc3 d5 3. d4 Nf6 4. Nf3 e6 5. Bf4 Be7 6. e3 Nbd7 7. Rc1 O-O 8. Bd3
dxc4 9. Bxc4 b5 10. Bd3 Bb7 11. O-O a6 12. Ne4 Nxe4 13. Bxe4 Nf6 14. Bxc6 Bxc6
15. Rxc6 Qd5 16. Rc7 Bd8 17. Rc5 Qxa2 18. Bd6 Re8 19. Qc2 Be7 20. Bxe7 Rxe7 21.
Ne5 Nd5 22. Nc6 Rd7 23. Rc1 h6 24. b4 Qxc2 25. R1xc2 f6 26. g3 Kf7 27. Ra2 Kg6
28. Ra3 Nb6 29. Ra5 Rb7 30. Kg2 Na4 31. Rc1 Kh7 32. Kf3 Rc7 33. e4 Nb6 34. Rc5
Nd7 35. Rc2 Nb6 36. Rc5 Nd7 37. Rc2 Nb6 38. Rc5 Nd7 1/2-1/2

[Event "International Championship of Central Se"]
[Site "Paracin, hotel "]
[Date "2016.07.13"]
[Round "8.20"]
[White "Ranic, Viktor"]
[Black "Georgieva, Emilia"]
[Result "1/2-1/2"]
[WhiteElo "1953"]
[BlackElo "1851"]
[PlyCount "149"]
[EventDate "2016.07.07"]

1. e4 c6 2. d4 d5 3. exd5 cxd5 4. Bd3 Nc6 5. c3 Nf6 6. Bf4 g6 7. h3 Bg7 8. Nf3
O-O 9. O-O Nh5 10. Be3 e5 11. dxe5 Nxe5 12. Nxe5 Bxe5 13. Qa4 Qc7 14. Nd2 Bd7
15. Bb5 Be6 16. Nf3 Bg7 17. Nd4 a6 18. Bd3 Rae8 19. Rae1 Kh8 20. Ne2 Bd7 21.
Qb4 f5 22. Bd4 Nf6 23. Bb6 Qb8 24. a4 Ne4 25. Rd1 Bc6 26. Bd4 Nf6 27. a5 Rf7
28. Bb6 Ne4 29. Bd4 Nf6 30. Nc1 Rfe7 31. Nb3 f4 32. Bc5 Rf7 33. Bd6 Qd8 34.
Bxf4 Nh5 35. Bc1 Qd7 36. Nd4 Bf8 37. Qb6 Ba4 38. Nc2 Nf4 39. Bxf4 Rxf4 40. Rde1
Rxe1 41. Rxe1 Bxc2 42. Bxc2 Qf7 43. Qe3 Rf6 44. Re2 Kg7 45. Bb3 Qc7 46. Bxd5
Qxa5 47. Bxb7 Bc5 48. Qd2 Qc7 49. Bf3 a5 50. Qd5 Qa7 51. h4 h5 52. Qe5 Qb6 53.
Rd2 Bd6 54. Qd5 Re6 55. Kf1 Be7 56. Qd4+ Qxd4 57. Rxd4 Rb6 58. Rd7 Kf7 59. b3
Ke8 60. Rb7 Rxb7 61. Bxb7 Bxh4 62. Ke2 Bf6 63. Kd3 Kd7 64. f4 g5 65. fxg5 Bxg5
66. Bf3 h4 67. Kc4 Kd6 68. Bb7 Bf6 69. Be4 Kc7 70. Kd3 Be7 71. Kc2 Kb6 72. Kb1
Bf6 73. Kb2 Kc5 74. Kc2 Be5 75. Bg6 1/2-1/2